000 00376 a2200145 4500
005 20250625141704.0
020 _a0 582 07241 7
082 _aLM 621.3133 SAY
100 _aSAY, M. G.
245 _aAlternating Current Machines.
250 _a5th Ed
260 _aEngland,
_bLongman Scientific & Technical,
_c1986.
300 _axii, 632p.: ill.
_bIndex
_c23cm
942 _2ddc
_cBKS
999 _c4276
_d4276